| 000 -LEADER |
| fixed length control field |
00996nam a22003013a 4500 |
| 001 - CONTROL NUMBER |
| control field |
014746592 |
| 003 - CONTROL NUMBER IDENTIFIER |
| control field |
Uk |
| 005 - DATE AND TIME OF LATEST TRANSACTION |
| control field |
20231019082425.0 |
| 008 - FIXED-LENGTH DATA ELEMENTS--GENERAL INFORMATION |
| fixed length control field |
080718s2008 enk 000 0 eng d |
| 020 ## - INTERNATIONAL STANDARD BOOK NUMBER |
| International Standard Book Number |
9780435392871 (pbk.) |
| 020 ## - INTERNATIONAL STANDARD BOOK NUMBER |
| International Standard Book Number |
0435392875 (pbk.) |
| 040 ## - CATALOGING SOURCE |
| Original cataloging agency |
UK-WkNB |
| Language of cataloging |
eng |
| Transcribing agency |
UK-WkNB |
| Modifying agency |
KH8 |
| 082 ## - DEWEY DECIMAL CLASSIFICATION NUMBER |
| Classification number |
448.242 GRE |
| 100 ## - MAIN ENTRY--PERSONAL NAME |
| Personal name |
Green, Rosie, |
| Relator term |
author. |
| 245 10 - TITLE STATEMENT |
| Title |
Expo 3 : |
| Remainder of title |
teacher's guide : rouge / |
| Statement of responsibility, etc. |
Roise Green and Tracy Traynor. |
| 250 ## - EDITION STATEMENT |
| Edition statement |
Nouvelle ed. |
| 260 ## - PUBLICATION, DISTRIBUTION, ETC. |
| Place of publication, distribution, etc. |
Oxford : |
| Name of publisher, distributor, etc. |
Heinemann : |
| Date of publication, distribution, etc. |
2008. |
| 300 ## - PHYSICAL DESCRIPTION |
| Extent |
160 p. + |
| Accompanying material |
1 CD-ROM. |
| 336 ## - CONTENT TYPE |
| Content type term |
text |
| Source |
rdacontent |
| 337 ## - MEDIA TYPE |
| Media type term |
unmediated |
| Source |
rdamedia |
| 338 ## - CARRIER TYPE |
| Carrier type term |
volume |
| Source |
rdacarrier |
| 366 ## - TRADE AVAILABILITY INFORMATION |
| Detailed date of publication |
20080725 |
| Availability status code |
IP |
| Publishers's discount category |
005 |
| ISO country code |
GB |
| MARC country code |
xxk |
| Identification of agency |
Harcourt Education Ltd |
| Source of availability status code |
UK-WkNB |
| 500 ## - GENERAL NOTE |
| General note |
Paperback. |
| 520 ## - SUMMARY, ETC. |
| Summary, etc. |
These support the Pupil Books and match all activities to Framework objectives and National Curriculum levels. |
| 650 ## - SUBJECT ADDED ENTRY--TOPICAL TERM |
| Topical term or geographic name entry element |
Foreign language |
| Form subdivision |
Teacher's guide |
| 700 ## - ADDED ENTRY--PERSONAL NAME |
| Personal name |
Taynor, Tracy, |
| Relator term |
author. |
| 942 ## - ADDED ENTRY ELEMENTS (KOHA) |
| Source of classification or shelving scheme |
|
| Koha item type |
Teaching Resources |